000 00307nam a2200121Ia 4500
008 190216s9999||||xx |||||||||||||| ||und||
100 _aPeter Norton & Arthur Griffith
245 0 _aComplete Guide Ti Linux
260 _bTech Media Pub
_c2000
300 _a579p
650 _aComputer Science
942 _cBK
999 _c8654
_d8654